Statistics for Most Installed Apps in the United States in 2023

Click here to take the quiz!

General Stats

  • This quiz has been taken 21 times
  • The average score is 4 of 10

Answer Stats

## Of InstallationsAnswer% Correct
437MInstagram
95%
252MTikTok
95%
927MFacebook
84%
732MWhatsapp
68%
1026MTelegram
32%
342MCapcut
11%
1103MTemu
11%
829MHBOMax
5%
633MMonopoly GO
5%
535MShein
5%

Score Distribution

Percentile by Number Answered

Percent of People with Each Score

Your Score History

You have not taken this quiz